Zwischen Konservierung und Rekonstruktion: Die Gestaltung der Kulturlandschaft am Beispiel des Staatlichen Museums in Majdanek
| Titel: | Zwischen Konservierung und Rekonstruktion: Die Gestaltung der Kulturlandschaft am Beispiel des Staatlichen Museums in Majdanek / Danuta Olesiuk |
|---|---|
| Verfasser: | |
| In: |
Gedenkstätten für die Opfer des Nationalsozialismus in Polen und Österreich, (2013), Seite 93-116 alle Artikel anzeigen |
| Veröffentlicht: | 2013 |
| Format: | Aufsatz |
| Sprache: | Deutsch |
X
alg: 54294236 001A $03025:16-03-26 001B $03025:16-03-26 $t12:52:14.000 001D $03025:16-03-26 001U $0utf8 001X $00 002@ $0Aou 002C $aText $btxt $2rdacontent 002D $aohne Hilfsmittel zu benutzen $bn $2rdamedia 002E $aBand $bnc $2rdacarrier 003@ $0542942364 010@ $ager 010E $erda 011@ $a2013 021A $aZwischen Konservierung und Rekonstruktion: Die Gestaltung der Kulturlandschaft am Beispiel des Staatlichen Museums in Majdanek $hDanuta Olesiuk 028A $BVerfasser $4aut $7 $8Olesiuk, Danuta [Tnd] $9211753653 031A $h93-116 $j2013 039B $aEnthalten in $8--Aau--. Gedenkstätten für die Opfer des Nationalsozialismus in Polen und Österreich. - Frankfurt am Main : Lang-Ed., 2013. - 346 Seiten. - Illustrationen, Diagramme, Karten. - ISBN 3-631-62461-1 $x201300000000000907 $9321880153 044K $#Gosudarstvennyj Muzej Majdanek $#Musée d'etat Majdanek $#Państwowe Muzeum Majdanek $#State Museum at Majdanek $#Staatliches Museum Majdanek $71010864-6 $8Państwowe Muzeum na Majdanku [Tb1] $9041928091 044K $RKonserve $#Conservation and restoration $#Conservation et restauration $#preservation $#Nahrungsmittelkonservierung $74114279-2 $8Konservierung [Ts1] $9085341290 044K $#Rekonstruktion $#Nachbau Rekonstruktion $74136102-7 $8Rekonstruktion [Ts1] $9085504777 045F $a069.094380904 $eDDC23BSB 045F/01 $a069 045F/03 $f0904 045F/03 $g438 046C $aMiędzy konserwacją a rekonstrukcją - kształtowanie krajobrazu kulturowego na przykładzie Państwowego Muzeum na Majdanku 046L $aPolnische Zusammenfassung lok: 54294236 78 exp: 54294236 78 1 #EPN 201B/01 $016-03-26 $t10:06:46.000 201C/01 $016-03-26 201U/01 $0utf8 203@/01 $01337568910 208@/01 $a16-03-26 $be 209A/01 $a/ $f000 $x00 209A/01 $ab*p $x01 209A/01 $aPolnische Zusammenfassung, S. 113-116 $x03 220C/01 $apgar 244Z/01 $#Generalgouvernement Polen $#Polska $#Rzeczpospolita Polska $#Polska Rzeczpospolita Ludowa $#Poland $#Pologne $#République Polonaise $#Generalne Gubernatorstwo w Polsce $#Polish People's Republic $#Polska Rzeczpospolita Polen $#PRL $#RP $#Polen Generalgouvernement $#Polska Generalgouvernement $#Besetzte Polnische Gebiete $#Besetztes Gebiet in Polen $#Okupowane Polskie Obszary $#Obszary Okupowane w Polsce $#Volksrepublik Polen $#Polska Rosyjska $#Republic Polen $#Respublika Pol'ša $#Pol'skaja Narodnaja Respublika $#République de Pologne $#Polen Links der Weichsel $#Polska po Lewej Stronie Wisły $#Lenkija $#Polija $#Gubernija Carstva Pol'skago $#Republik Polen $74046496-9 $8--Tg1--Polen $x01 $9085129801 247C/01 $82080>Marburg/Lahn, Herder-Institut, Forschungsbibliothek, Bibliographieportal $9336309341
| LEADER | 00000naa a2200000 c 4500 | ||
|---|---|---|---|
| 001 | 542942364 | ||
| 003 | DE-603 | ||
| 005 | 20260316125214.0 | ||
| 007 | tu | ||
| 008 | 260316s2013 xx |||| | u00||u|ger c | ||
| 035 | |a (DE-599)HEB542942364 | ||
| 040 | |a DE-603 |b ger |c DE-603 |d DE-603 |e rda | ||
| 041 | |a ger | ||
| 082 | 0 | 4 | |8 1\u |a 069.094380904 |q DE-101 |2 23/BSB |
| 085 | |8 1\u |b 069 | ||
| 085 | |8 1\u |z 1 |s 0904 | ||
| 085 | |8 1\u |z 2 |s 438 | ||
| 100 | 1 | |a Olesiuk, Danuta |e Verfasser |4 aut |0 (DE-603)211753653 | |
| 245 | 0 | 0 | |a Zwischen Konservierung und Rekonstruktion: Die Gestaltung der Kulturlandschaft am Beispiel des Staatlichen Museums in Majdanek |c Danuta Olesiuk |
| 246 | 1 | |i Abweichender Titel |a Między konserwacją a rekonstrukcją - kształtowanie krajobrazu kulturowego na przykładzie Państwowego Muzeum na Majdanku | |
| 264 | 0 | |c 2013 | |
| 336 | |a Text |b txt |2 rdacontent | ||
| 337 | |a ohne Hilfsmittel zu benutzen |b n |2 rdamedia | ||
| 338 | |a Band |b nc |2 rdacarrier | ||
| 546 | |a Polnische Zusammenfassung | ||
| 610 | 1 | 7 | |a Państwowe Muzeum na Majdanku |2 gnd |0 (DE-588)1010864-6 |0 (DE-603)041928091 |
| 650 | 7 | |a Konservierung |0 (DE-588)4114279-2 |0 (DE-603)085341290 |2 gnd | |
| 650 | 7 | |a Rekonstruktion |0 (DE-588)4136102-7 |0 (DE-603)085504777 |2 gnd | |
| 773 | 0 | 8 | |i Enthalten in |t Gedenkstätten für die Opfer des Nationalsozialismus in Polen und Österreich |d Frankfurt am Main : Lang-Ed., 2013 |h 346 Seiten, Illustrationen, Diagramme, Karten |z 3631624611 |z 9783631624616 |g (2013), Seite 93-116 |w (DE-603)321880153 |
| 924 | 0 | |9 2080 |a (DE-603)1337568910 |b DE-2080 |c HES |d d |g / | |


